| 000 | 01324nam0a22003011 4500 | ||
|---|---|---|---|
| 001 | rc\3943670 | ||
| 005 | 20260407110820.0 | ||
| 021 |
_aRU _b[55-57788] |
||
| 035 | _a(NLR Aleph) 008039725 | ||
| 090 |
_a8873456 _c8873456 |
||
| 100 | _a20130415d1955 |||y0rusy50 ca | ||
| 101 | 0 | _arus | |
| 102 | _aRU | ||
| 105 | _aa z ||||| | ||
| 200 | 1 |
_aЛистовки большевиков Украины периода первой русской революции (1905-1907 гг.) _e[Сборник] _fИн-т истории партии ЦК КП Украины - филиал ИМЭЛС при ЦК КПСС |
|
| 210 |
_aКиев _cГосполитиздат УССР _d1955 |
||
| 215 |
_a635 с. _cил. _d23 |
||
| 300 | _aНа обороте тит. л. сост.: П.И. Денисенко, М.И. Горбунова, И.Г. Дурнев и др. | ||
| 608 |
_aЛистовки и прокламации большевиков _z1905-1907 _yУкраина _2psbo |
||
| 702 | 1 |
_aГорбунова _bМ.И. _4220 |
|
| 702 | 1 |
_aДурнев _bИ.Г. _4220 |
|
| 702 | 1 |
_aДенисенко _bП.И. _4220 |
|
| 712 | 0 | 2 |
_aИнститут истории партии _cКиев _3RU\NLR\AUTH\8810062710 _9626975 |
| 801 | 0 |
_aRU _bNLR _gpsbo |
|
| 801 | 1 |
_aRU _bELAR _2rusmarc |
|
| 852 |
_aNLR _jИп30 Г-5/93 |
||
| 942 | _cBOOK | ||
| 980 | _aNB | ||